00523nam a2200181 a 45000010010000000030011000100080041000210350026000620820014000881000022001022450029001242600032001536500019001859420012002049520090002169980020003069990015003260000-9096ELIB.Books110520 1969  a(ELIB.Books)0000-9245 a248 bMil aMiller, Alther S. aUnder the Personage Roof bChicago; Moody Press c1969 aChristian Life 2ddccBK 00102ddc4070aKBTSbKBTSd2011-05-20l0p2028r2022-01-22 00:00:00w2022-01-22yBK cbate2011-05-20 c9096d9096